¡Habitación desordenada! / (Registro nro. 30010)
[ vista simple ]
| 000 -LEADER | |
|---|---|
| fixed length control field | 01084nam a22002657a 4500 |
| 003 - CONTROL NUMBER IDENTIFIER | |
| control field | OSt |
| 005 - DATE AND TIME OF LATEST TRANSACTION | |
| control field | 20230228203315.0 |
| 008 - FIXED-LENGTH DATA ELEMENTS--GENERAL INFORMATION | |
| fixed length control field | 230220t2012 ck |||ar|||| 00| j spa d |
| 020 ## - INTERNATIONAL STANDARD BOOK NUMBER | |
| International Standard Book Number | 9789588756530 |
| 040 ## - CATALOGING SOURCE | |
| Original cataloging agency | CO-JMCR |
| Transcribing agency | CO-JMCR |
| 041 1# - LANGUAGE CODE | |
| Language code of text/sound track or separate title | spa |
| 082 04 - DEWEY DECIMAL CLASSIFICATION NUMBER | |
| Classification number | A / |
| Item number | DIAh |
| Edition number | 23 |
| 100 1# - MAIN ENTRY--PERSONAL NAME | |
| Personal name | Díaz, Francesca, |
| Relator term | autora |
| 9 (RLIN) | 42694 |
| 245 11 - TITLE STATEMENT | |
| Title | ¡Habitación desordenada! / |
| Statement of responsibility, etc. | por Checa Díaz ; traducción, Andrea Moure Bejarano |
| 260 ## - PUBLICATION, DISTRIBUTION, ETC. | |
| Place of publication, distribution, etc. | Bogotá : |
| Name of publisher, distributor, etc. | Panamericana, |
| Date of publication, distribution, etc. | ©2012 |
| 300 ## - PHYSICAL DESCRIPTION | |
| Extent | [12] páginas : |
| Other physical details | ilustraciones a color ; |
| Dimensions | 18 cm. |
| 490 0# - SERIES STATEMENT | |
| Series statement | Libro de conejito y bebé |
| 520 3# - SUMMARY, ETC. | |
| Summary, etc. | ¡Oh, qué desorden! Seguro que conejito necesita un poco de ayuda para ordenar su habitación. ¡Si dedicas un momento a ayudarle a recoger sus cosas, tender su cama y arreglar todo, también ganarás una estrella. |
| 650 14 - SUBJECT ADDED ENTRY--TOPICAL TERM | |
| Topical term or geographic name entry element | Libro álbum |
| 9 (RLIN) | 2184 |
| General subdivision | infantil |
| 650 24 - SUBJECT ADDED ENTRY--TOPICAL TERM | |
| Topical term or geographic name entry element | Literatura infantil |
| 650 24 - SUBJECT ADDED ENTRY--TOPICAL TERM | |
| Topical term or geographic name entry element | Libros animados para niños |
| 9 (RLIN) | 42711 |
| 650 24 - SUBJECT ADDED ENTRY--TOPICAL TERM | |
| Topical term or geographic name entry element | Hábitos en los niños |
| Form subdivision | Libro álbum |
| 9 (RLIN) | 42714 |
| 700 1# - ADDED ENTRY--PERSONAL NAME | |
| Personal name | Moure Bejarano, Andrea, |
| Relator term | traductora |
| 9 (RLIN) | 42695 |
| 942 ## - ADDED ENTRY ELEMENTS (KOHA) | |
| Source of classification or shelving scheme | Dewey Decimal Classification |
| Koha item type | Books |
| Withdrawn status | Lost status | Source of classification or shelving scheme | Damaged status | Not for loan | Home library | Current library | Date acquired | Source of acquisition | Total Checkouts | Total Renewals | Full call number | Barcode | Date last seen | Date last checked out | Copy number | Price effective from | Koha item type |
|---|---|---|---|---|---|---|---|---|---|---|---|---|---|---|---|---|---|
| Dewey Decimal Classification | Biblioteca Pública José María del Castillo y Rada | Biblioteca Pública José María del Castillo y Rada | 04/12/2022 | Donación | 37 | 6 | A / DIAh | 201811976 | 07/09/2025 | 07/08/2025 | Ej.1 | 02/20/2023 | Books |